Crime statistics (Record no. 120435)

MARC details
000 -LEADER
fixed length control field 00499cam a2200133 4500
001 - CONTROL NUMBER
control field WS125656
008 - FIXED-LENGTH DATA ELEMENTS--GENERAL INFORMATION
fixed length control field 040329n 000 0 eng u
035 ## - SYSTEM CONTROL NUMBER
System control number (Sirsi) u125656
110 ## - MAIN ENTRY--CORPORATE NAME
Corporate name or jurisdiction name as entry element Home Office
9 (RLIN) 1239
245 ## - TITLE STATEMENT
Title Crime statistics
520 ## - SUMMARY, ETC.
Summary, etc. Crime statistics for England and Wales broken down by crime type and region.
856 40 - ELECTRONIC LOCATION AND ACCESS
Uniform Resource Identifier <a href="https://www.homeoffice.gov.uk/science-research/research-statistics/crime/crime-statistics/">https://www.homeoffice.gov.uk/science-research/research-statistics/crime/crime-statistics/</a>
Public note View the document free of charge at homeoffice.gov.uk
942 ## - ADDED ENTRY ELEMENTS (KOHA)
Suppress in OPAC 0
Holdings
Withdrawn status Lost status Source of classification or shelving scheme Damaged status Not for loan Home library Current library Shelving location Date acquired Total Checkouts Full call number Barcode Date last seen Copy number Price effective from Koha item type
    Dewey Decimal Classification     Virtual Virtual Online 29/03/2004   WEB SITE 125656-1001 06/08/2019 1 06/08/2019 Online material